000 00728nam a2200181 u 4500
001 000414470
003 AM-YeHGA
005 20250617132937.0
008 050311s1987 ||||||||||||||||||||rus d
040 _aAM-YeHGA
041 0 _arus
245 0 0 _aЭкономическая стратегия КПСС и развитие отраслей народного хозяйства :
_bУчебно-методическое пособие /
_cНауч. ред. З.Н. Гафарова.
260 _aКазань :
_bИзд-во Казан. ун-та,
_c1987.
300 _a204 с.
650 1 4 _aИстория Коммунистической партии
700 1 _aГафарова, З.Н.
_eред.
_4edt
090 _c159364
999 _c157961
_d157961